书目信息 |
| 题名: |
走遍西班牙练习册
|
|
| 作者: | (西)卡娜蕾丝 著 ;王磊 译 | |
| 分册: | 2 | |
| 出版信息: | 北京 外语教学与研究出版社 2009.04 |
|
| 页数: | 148页 | |
| 开本: | 26cm | |
| 丛书名: | ||
| 单 册: | ||
| 中图分类: | H349.9 | |
| 科图分类: | ||
| 主题词: | ||
| 电子资源: | ||
| ISBN: | 978-7-5600-8273-8 | |
| 000 | 00810nam0 2200253 45 | |
| 001 | 人天379-1512 | |
| 005 | 20110715083341.09 | |
| 010 | @a978-7-5600-8273-8@dCNY25.90 | |
| 100 | @a20090513d2009 ekmy0chiy0120 ea | |
| 101 | 0 | @achi |
| 102 | @aCN@b110000 | |
| 105 | @aa z 000yy | |
| 106 | @ar | |
| 200 | 1 | @a走遍西班牙练习册@h2@f(西)卡娜蕾丝等著@g王磊译 |
| 210 | @a北京@c外语教学与研究出版社@d2009.04 | |
| 215 | @a148页@d26cm | |
| 330 | @a国内第一套引进版西班牙语系列教材北京外国语大学老师精心编译打破传统的教学模式,以“听说、交际、文化”为中心,全面培养学习者的语言能力学习地道的西班牙语表达法,全方位了解西班牙社会。 | |
| 333 | @a西班牙语学习人员 | |
| 586 | @a | |
| 690 | @aH349.9@v5 | |
| 701 | 0 | @a(西)卡娜蕾丝@4著 |
| 702 | 0 | @a王磊@4译 |
| 801 | 0 | @aCN@c20110610 |
| 905 | @dH349.9@eK070:2@f3 | |
| 走遍西班牙练习册.2/(西)卡娜蕾丝等著/王磊译.-北京:外语教学与研究出版社,2009.04 |
| 148页;26cm |
| 使用对象:西班牙语学习人员 |
| ISBN 978-7-5600-8273-8:CNY25.90 |
| 国内第一套引进版西班牙语系列教材北京外国语大学老师精心编译打破传统的教学模式,以“听说、交际、文化”为中心,全面培养学习者的语言能力学习地道的西班牙语表达法,全方位了解西班牙社会。 |
| ● |
| 相关链接 |
|
|
|
正题名:走遍西班牙练习册
索取号:H349.9/K070:2
 
预约/预借
| 序号 | 登录号 | 条形码 | 馆藏地/架位号 | 状态 | 备注 |
| 1 | 883965 | 208839658 | 自科二线504/504自科库 45排2列2层/ [索取号:H349.9/K070:2] | 在馆 | |
| 2 | 883966 | 208839667 | 自科二线504/504自科库 45排2列2层/ [索取号:H349.9/K070:2] | 在馆 | |
| 3 | 883967 | 208839676 | 自科二线504/504自科库 45排2列2层/ [索取号:H349.9/K070:2] | 在馆 |